Chi compare prima in Cars 1? - Statistics

Statistiche generali
  • Questo quiz è stato fatto 230 volte
  • Il punteggio medio è 9 su 15
Statistiche sulle risposte
Domanda Risposta % Corretto
Chi compare prima?
88%
Chi compare prima? La precedente risposta
74%
Chi compare prima? La precedente risposta
73%
Chi compare prima?
71%
Chi compare prima?
65%
Chi compare prima? La precedente risposta
65%
Chi compare prima? La precedente risposta
65%
Chi compare prima? La precedente risposta
63%
Chi compare prima? La precedente risposta
63%
Chi compare prima?
54%
Chi compare prima?
54%
Chi compare prima? La precedente risposta
54%
Chi compare prima? La precedente risposta
46%
Chi compare prima? La precedente risposta
41%
Chi compare prima? La precedente risposta
15%
Nessun quiz corrispondente trovato
Distribuzione punteggi
Percentuale di utenti per punteggio
Percentile per numero di risposta
I tuoi punteggi nel tempo
Non hai fatto questo quiz